000 00644nam a22001937a 4500
005 20100806140156.0
010 _aENG-98562
020 _a9788190825184
_c90.00
035 _aEN-82095
037 _bDBAD/PUB
082 _a615.32
100 _aAnitha, R
_97726
245 _aMedicinal spices /
_cby R Anitha
260 _aChennai
_bNataraja Publication
_c2009
270 _aPunnaikadu Saral Post K K Dist
_bChennai
_e5
300 _a119p
_c19cm(pbk)
942 _2ddc
_cEN
_h615.32
_mANI
999 _c39759
_d39759